1807 1417 1242 1764 1044 1177 1685 1014 1935 1841 1882 1624 1430 1806 1347 1789 1477 1644 1651 1129 1691 1411 1966 1400 1598 1221 1628 1143 1818 1523 1284 1318 1517 1480 1371 1863 1916 1437 1700 1781 1078 1777 1849 1764 1870 1832 1598 1916 1113 1282 1004 1546 1419 1802 1821 1416 1585 1605 1112 1100 1656 1137 1081 1368 1449 1679 1796 1375 1208 1333 1760 1928 1942 1779 1902 1036 1811 1812 1228 1085 1831 1131 1989 1841 1683 1225 1924 1789 1686 1920 1446 1146 1130 1147 1137 1035 1999 1594 1673 BCNSPRNW ULIB Ver.6.0+V

เปลี่ยนเป็นภาษาไทย

Change to English
 แสดงรายละเอียดบรรณานุกรม
  กลับหน้าหลัก

Brief Record : Get Marc (ISO 2709) : E-mail record : QR code < ปิดหน้าต่าง
LEADER : 00000nam 2200000uu 4500
001    13399127170
003     ULIB
008    191018s2561||||th 000 0 tha d
020 ^- ^a9786167735955
050 ^- ^aนว.^bพ1215ก
100 0^ ^aพงศกร จินดาวัฒนะ
245 10 ^aเกลียวกระซิบ /พงศกร [นามแฝง]
260 ^- ^aกรุงเทพฯ :^bกรู๊ฟ พับลิชชิ่ง,^c2561.
300 ^- ^a450 หน้า
945    ^p360^l0^i006356
999    ^aประนอม เกษจรัล
รายการนี้ยังไม่มีแท็ก
คุณยังไม่ได้ล็อกอิน คุณสามารถมีกิจกรรมร่วมกับเว็บไซต์ได้ แต่ต้องล็อกอินก่อน ::
  ล็อกอิน

รายการสื่อสารสนเทศ

ลำดับที่ ประเภท เลขเรียก/บาร์โค้ด สถานที่ สถานะ
1. นวนิยาย
นวนิยาย
นว. พ1215ก ฉ.1 
  Barcode: 006356
ห้องสมุดวิทยาเขตนครสวรรค์
►นวนิยาย:l:Fiction
บนชั้น

รายการใกล้เคียง
    ชื่อเรื่อง [เกลียวกระซิบ /พงศกร [นามแฝง]]

    ผู้แต่ง [พงศกร จินดาวัฒนะ]

BibComment


ยังไม่เคยถูกคอมเมนท์

คอมเมนท์ทรัพยากรรายการนี้
  คอมเมนท์: เกลียวกระซิบ พงศ..


 Copyright 2026. Bcnsprnw @Library